| 000 | 00665nam a22001695i 4500 | ||
|---|---|---|---|
| 001 | 158737 | ||
| 003 | ES-MaACL | ||
| 005 | 20250811144007.0 | ||
| 008 | 050721s1839 sp | |||||||| ||spa d | ||
| 040 |
_aCAM _bspa _cCAM |
||
| 245 | 0 | 0 |
_aMaria Remond _b: drama en tres actos / _ctraducido por Gregorio Romero Larrañaga. |
| 260 |
_aMadrid : _b[s.n.], _c1839 ( _fImprenta de Yenes) |
||
| 300 |
_a31 p. ; _c18 cm. |
||
| 700 | 1 |
_aRomero Larrañaga, Gregorio, _d1815-1872 _9132031 |
|
| 852 |
_aES-MaACL _jF-8619(4) _z-- Enc. pasta española _z-- Enc. en un vol. facticio formando parte de la col. facticia "Teatro español moderno", vol. 74 |
||
| 999 |
_c158737 _d158737 |
||